00350nam a2200145Ia 45000030006000000080041000060400015000471000020000622450047000822500006001292600032001353000006001675460014001730050017001870STCL150530s9999 xx 000 0 und d aSTCLcSTCL aPadmanabhan, T. aKatha Theerumbol Oru Vaanambadi Parakkunnu a1 bUniveristy of Calicutc2003 a0 aMalayalam20220125171654.0